Classifica Marcatori Ligue 1 2023-2024 - Statistics

Statistiche generali
  • Questo quiz è stato fatto 16 volte
  • Il punteggio medio è 8 su 14
Statistiche sulle risposte
Gol Nazione Squadra Calciatore % Corretto
19 Canada Lilla Jonathan David
100%
27 Francia Paris Saint-Germain Kylian Mbappé
100%
17 Gabon O. Marsiglia Pierre-Emerick Aubameyang
100%
19 Francia Olympique Lione Alexandre Lacazette
93%
13 Georgia Metz Georges Mikautadze
71%
9 Giappone Monaco Takumi Minamino
71%
11 Portogallo Paris Saint-Germain Gonçalo Ramos
57%
16 Francia Monaco Wissam Ben Yedder
57%
14 Paesi Bassi Tolosa Thijs Dallinga
50%
9 Francia Lens Elye Wahi
43%
10 Francia Rennes Arnaud Kalimuendo
21%
9 Francia Rennes Benjamin Bourigeaud
14%
11 Nigeria Nizza Terem Moffi
14%
9 Francia Montpellier Téji Savanier
7%
Nessun quiz corrispondente trovato
Distribuzione punteggi
Percentuale di utenti per punteggio
Percentile per numero di risposta
I tuoi punteggi nel tempo
Non hai fatto questo quiz